US Largest Cities (1910) Quiz Stats

 Plays Quiz Updated Oct 24, 2018

Score 0/100 Timer 15:00
3 Plays Today
Population City % Correct
4,766,883New York
99.5%
2,185, 283Chicago
97.6%
670,585Boston
96.2%
1,549,008Philadelphia
93%
319,198Los Angeles
91.6%
331,069Washington
90%
465,766Detroit
89.6%
416,915San Francisco
88.7%
560,663Cleveland
87.1%
533,905Pittsburgh
86.8%
687,029Saint Louis
86.6%
339,075New Orleans
85.9%
558,485Baltimore
84.4%
237,194Seattle
83.3%
233,650Indianapolis
81.1%
154,839Atlanta
80.2%
92,104Dallas
79.6%
100,253Albany
78.8%
301,408Minneapolis
78.5%
213,381Denver
77.4%
78,800Houston
77.3%
248,381Kansas City
77%
82,331Kansas City
77%
423,715Buffalo
76.1%
214,744Saint Paul
74%
181,511Columbus
73.8%
207,214Portland
73.1%
58,571Portland
73.1%
363,591Cincinnati
72.9%
110,364Nashville
71.4%
224,326Providence
70.9%
347,469Newark
67.4%
96,815Trenton
67.3%
373,857Milwaukee
66.5%
Population City % Correct
98,915Hartford
65.4%
131,105Memphis
63%
96,614San Antonio
62.9%
92,777Salt Lake City
62.8%
223,928Louisville
62.5%
127,628Richmond
61%
88,926Springfield
60%
124,096Omaha
53.4%
86,368Des Moines
52.7%
64,205Oklahoma City
52.7%
267,779Jersey City
52%
132,685Birmingham
50.4%
218,149Rochester
49.6%
137,249Syracuse
48.8%
64,186Harrisburg
48.6%
58,833Charleston
48.3%
57,699Jacksonville
48.2%
150,174Oakland
46.3%
168,497Toledo
41.9%
133,605New Haven
41.5%
73,312Fort Worth
40.5%
69,067Akron
40%
65,064Savannah
36%
116,577Dayton
35.9%
129,867Scranton
35.5%
145,986Worcester
32.2%
83,743Tacoma
31.9%
66,525Erie
31.1%
87,411Wilmington
30.8%
104,402Spokane
30.6%
104,839Cambridge
30%
79,803Yonkers
28.5%
67,452Norfolk
27.2%
112,571Grand Rapids
27.2%
Population City % Correct
63,933Fort Wayne
26.3%
70,063Manchester
25%
102,054Bridgeport
24.3%
53,684South Bend
23.5%
94,538Camden
23.4%
78,466Duluth
23.2%
106,294Lowell
22.1%
79,066Youngstown
20.3%
74,419Utica
18.4%
66,950Peoria
17.6%
125,600Paterson
16.7%
70,324Hoboken
16.6%
73,409Elizabeth
16.5%
67,105Wilkes-Barre
16.2%
69,647Evansville
16%
96,071Reading
14.3%
76,813Troy
13.3%
96,652New Bedford
13%
119,295Fall River
12.9%
72,826Schenectady
11.9%
89,336Lynn
10.5%
73,141Waterbury
9.8%
58,157Terre Haute
9.7%
77,403Saint Joseph
9.7%
85,892Lawrence
9.4%
58,547East Saint Louis
8.5%
56,878Brockton
7.9%
77,236Somerville
7.4%
55,545Bayonne
6.6%
55,482Johnstown
5.9%
54,773Passaic
5.3%
57,730Holyoke
4.3%

You're not logged in!

Compare scores with friends on all Sporcle quizzes.
OR
Log In

Sporcle TV

Today on Sporcle TV


Watch our educational content, quiz creation guides, and fun videos on Sporcle TV.

Show Comments

Extras

Top Quizzes Today


Score Distribution

Your Account Isn't Verified!

In order to create a playlist on Sporcle, you need to verify the email address you used during registration. Go to your Sporcle Settings to finish the process.

Report this User

Report this user for behavior that violates our Community Guidelines.

Details: